[Event "M.Chigorin Memorial"]
[Site "St. Petersburg RUS"]
[Date "2009.10.21"]
[Round "6.56"]
[White "Zhigalko, Andrey"]
[Black "Gu, Xiaobing"]
[Result "1-0"]
[WhiteElo "2601"]
[BlackElo "2339"]
[PlyCount "55"]
[EventDate "2009.??.??"]

1. e4 c5 2. Nf3 d6 3. d4 cxd4 4. Nxd4 Nf6 5. Nc3 a6 6. h3 e6 7. g4 Be7 8. Bg2
O-O 9. O-O Qc7 10. Be3 Nc6 11. f4 Nd7 12. a4 Rb8 13. g5 Nxd4 14. Qxd4 b5 15.
axb5 axb5 16. b4 Re8 17. Rf2 Qc6 18. Ra7 Nb6 19. f5 Nc4 20. e5 dxe5 21. Bxc6
exd4 22. Bxd4 e5 23. Bxe8 exd4 24. Rxe7 dxc3 25. Bxf7+ Kf8 26. Rc7 Nd6 27. g6
Bxf5 28. Rxf5 1-0

[Event "M.Chigorin Memorial"]
[Site "St. Petersburg RUS"]
[Date "2009.10.21"]
[Round "6.57"]
[White "Weisbuch, Udi"]
[Black "Ponfilenok, Vladimir"]
[Result "0-1"]
[WhiteElo "2317"]
[BlackElo "2440"]
[PlyCount "124"]
[EventDate "2009.??.??"]

1. e4 e6 2. d4 d5 3. Nd2 c5 4. Ngf3 Nf6 5. exd5 exd5 6. Bb5+ Bd7 7. Bxd7+ Nbxd7
8. O-O Be7 9. dxc5 Nxc5 10. Nb3 Nce4 11. Nfd4 Qd7 12. f3 Nd6 13. Nc5 Qc8 14.
Nd3 O-O 15. b3 Bd8 16. Bb2 Ba5 17. Kh1 Re8 18. Qc1 Nf5 19. Nxf5 Qxf5 20. Qf4
Qxf4 21. Nxf4 Bd2 22. Bxf6 Bxf4 23. Bd4 Be5 24. Bxe5 Rxe5 25. Rae1 f6 26. Rxe5
fxe5 27. Kg1 Kf7 28. Rd1 Ke6 29. c3 a5 30. Kf2 a4 31. b4 Rc8 32. Rc1 Rc4 33.
Ke3 h5 34. Kd3 b5 35. Re1 Kf5 36. a3 g5 37. Kd2 Rh4 38. Re2 Rc4 39. Re1 Rf4 40.
Re2 Ke6 41. Re3 Rh4 42. h3 Rf4 43. g3 Rc4 44. Rd3 Rc8 45. Ke3 g4 46. hxg4 hxg4
47. Kd2 gxf3 48. Rxf3 Rg8 49. Ke2 e4 50. Re3 Rh8 51. g4 Rh2+ 52. Kd1 Ke5 53. g5
Kf4 54. Re1 Rg2 55. Rf1+ Ke3 56. Rf5 d4 57. cxd4 Kd3 58. Ke1 e3 59. g6 Rxg6 60.
d5 Rg1+ 61. Rf1 Rxf1+ 62. Kxf1 Kd2 0-1

[Event "M.Chigorin Memorial"]
[Site "St. Petersburg RUS"]
[Date "2009.10.21"]
[Round "6.58"]
[White "Agaragimov, Djakhangir"]
[Black "Lovkov, Roman"]
[Result "0-1"]
[WhiteElo "2313"]
[BlackElo "2435"]
[PlyCount "80"]
[EventDate "2009.??.??"]

1. d4 d5 2. Nf3 Nf6 3. c4 c6 4. Nc3 dxc4 5. a4 Bf5 6. e3 e6 7. Bxc4 Bb4 8. O-O
Nbd7 9. Nh4 Bg4 10. f3 Bh5 11. g4 Bg6 12. f4 Nd5 13. Ng2 Bxc3 14. bxc3 Be4 15.
Bd3 Nxc3 16. Qc2 Bxd3 17. Qxd3 Nd5 18. Ba3 Ne7 19. e4 O-O 20. Rad1 Re8 21. Kh1
Qa5 22. f5 e5 23. g5 Qxa4 24. f6 Ng6 25. Ne3 Nf4 26. Rxf4 exf4 27. Nf5 Rxe4 28.
Rg1 Re3 29. Nxe3 fxe3 30. Qxe3 Qc4 31. Re1 Qd5+ 32. Kg1 gxf6 33. gxf6 Nxf6 34.
Be7 Nd7 35. Qf4 f6 36. Kf2 Re8 37. Re3 Kf7 38. Re5 Nxe5 39. Qxf6+ Kg8 40. dxe5
Qf7 0-1

[Event "M.Chigorin Memorial"]
[Site "St. Petersburg RUS"]
[Date "2009.10.21"]
[Round "6.59"]
[White "Smirnov, Artem"]
[Black "Rjabzev, Konstantin"]
[Result "1-0"]
[WhiteElo "2432"]
[BlackElo "2333"]
[PlyCount "155"]
[EventDate "2009.??.??"]

1. d4 d5 2. c4 e6 3. Nc3 Be7 4. Nf3 Nf6 5. Bf4 O-O 6. e3 b6 7. cxd5 Nxd5 8.
Nxd5 exd5 9. Bd3 Bb4+ 10. Ke2 Ba6 11. Bxa6 Nxa6 12. Qa4 Qc8 13. a3 Bd6 14. Bxd6
cxd6 15. Rhc1 Qb7 16. Qc6 Qxc6 17. Rxc6 Rfd8 18. Rac1 Kf8 19. Ne1 Ke7 20. Nd3
Kd7 21. Nb4 Nxb4 22. Rc7+ Ke8 23. axb4 Rd7 24. R7c6 Rad8 25. g4 Re7 26. b5 Re6
27. Ra1 Re7 28. h4 Rdd7 29. Kf3 h6 30. h5 g5 31. Rc8+ Rd8 32. Rac1 Red7 33. e4
dxe4+ 34. Kxe4 Re7+ 35. Kf5 Re2 36. R8c2 Re6 37. Rc7 Kf8 38. d5 Re2 39. R1c2
Rxc2 40. Rxc2 Kg7 41. Ke4 Re8+ 42. Kd4 Re7 43. f3 Kf6 44. Rc6 Rd7 45. Rc8 Kg7
46. Re8 Kf6 47. b3 Kg7 48. Rb8 Kf6 49. Ra8 Kg7 50. Rc8 Kf6 51. b4 Kg7 52. Ra8
Kf6 53. Rg8 Rc7 54. Rd8 Ke7 55. Rh8 Rc1 56. Rxh6 Rd1+ 57. Ke4 Re1+ 58. Kd4 Rd1+
59. Kc4 Rf1 60. Rh8 Rxf3 61. Ra8 Rf4+ 62. Kb3 Rxg4 63. Rxa7+ Kf6 64. Rb7 Rh4
65. Rxb6 Ke5 66. Rb7 Kxd5 67. Rxf7 Rxh5 68. Rg7 Rh8 69. Rxg5+ Ke4 70. Rg6 d5
71. b6 d4 72. Kc4 Rc8+ 73. Kb5 d3 74. Rd6 Rb8 75. Rd7 Ke3 76. b7 d2 77. Kb6 Rg8
78. b5 1-0

[Event "M.Chigorin Memorial"]
[Site "St. Petersburg RUS"]
[Date "2009.10.21"]
[Round "6.60"]
[White "Orlov, Oleg"]
[Black "Utegaliyev, Azamat"]
[Result "0-1"]
[WhiteElo "2307"]
[BlackElo "2427"]
[PlyCount "160"]
[EventDate "2009.??.??"]

1. Nf3 Nf6 2. c4 g6 3. g3 Bg7 4. Bg2 O-O 5. d4 d6 6. O-O Nbd7 7. Nc3 e5 8. e3
Re8 9. b3 exd4 10. Nxd4 h5 11. h3 h4 12. g4 Ne5 13. f4 Nexg4 14. hxg4 Bxg4 15.
Bf3 c5 16. Nc2 Qd7 17. Bb2 Bf5 18. Re1 Ne4 19. Bxe4 Rxe4 20. Kh2 Re7 21. Qd2
Rae8 22. Nd5 Bxb2 23. Nd4 Bxd4 24. Nxe7+ Qxe7 25. exd4 Be4 26. Re2 f5 27. dxc5
dxc5 28. Rg1 Rd8 29. Qe3 Qd6 30. Kh3 Kf7 31. Rg5 Qd4 32. Qxd4 cxd4 33. Kxh4 d3
34. Rd2 Rh8+ 35. Kg3 Rh1 36. Kf2 Rh4 37. Kg3 Rh1 38. Kf2 Rh2+ 39. Ke3 Rh3+ 40.
Kd4 Kf6 41. Rf2 d2 42. Rxd2 Rf3 43. Rg4 fxg4 44. Kxe4 Rf1 45. Rd6+ Kg7 46. Rd5
Re1+ 47. Kd3 Kf6 48. Rg5 Rg1 49. Ke3 Rg3+ 50. Ke4 Rg2 51. c5 g3 52. Kf3 Rxa2
53. Rxg3 Rc2 54. b4 Rc4 55. Rg2 Rxb4 56. Ra2 Kf5 57. Rxa7 Rb3+ 58. Kg2 Kxf4 59.
Ra4+ Ke5 60. Rg4 Kd5 61. Rg5+ Kc6 62. Kf2 Rd3 63. Ke2 Rd5 64. Rxg6+ Kxc5 65.
Rg1 b5 66. Rc1+ Kb4 67. Ke3 Ka3 68. Ra1+ Kb2 69. Ra5 Kc3 70. Ra3+ Kc4 71. Ra5
Rd8 72. Ra7 b4 73. Rb7 b3 74. Ke2 Kc3 75. Rc7+ Kb2 76. Rb7 Ka2 77. Ke3 b2 78.
Ra7+ Kb1 79. Rb7 Ra8 80. Kd2 Ka1 0-1

[Event "M.Chigorin Memorial"]
[Site "St. Petersburg RUS"]
[Date "2009.10.21"]
[Round "6.61"]
[White "Malakhov, Igor"]
[Black "Molchanova, Tatjana"]
[Result "1/2-1/2"]
[WhiteElo "2414"]
[BlackElo "2316"]
[PlyCount "82"]
[EventDate "2009.??.??"]

1. e4 c6 2. d4 d5 3. Nc3 dxe4 4. Nxe4 Bf5 5. Ng3 Bg6 6. h4 h6 7. Nf3 Nd7 8. h5
Bh7 9. Bd3 Bxd3 10. Qxd3 e6 11. Bf4 Qa5+ 12. Bd2 Bb4 13. c3 Be7 14. c4 Qc7 15.
O-O Bd6 16. Ne4 Ngf6 17. Nxd6+ Qxd6 18. Qb3 O-O 19. Qxb7 Rfb8 20. Qa6 Rxb2 21.
Rab1 Rab8 22. Rxb2 Rxb2 23. Qxa7 Ng4 24. Qa5 Rc2 25. Rc1 Rxc1+ 26. Bxc1 Qb8 27.
Qc3 Qb1 28. a3 Qf5 29. a4 Ndf6 30. a5 Ne4 31. Qb4 Nexf2 32. a6 Qc2 33. Bd2 Nd3
34. a7 Qd1+ 35. Be1 Nxb4 36. a8=Q+ Kh7 37. Qb7 Nd3 38. Qxf7 Nxe1 39. Qg6+ Kh8
40. Qe8+ Kh7 41. Qg6+ Kh8 1/2-1/2

[Event "M.Chigorin Memorial"]
[Site "St. Petersburg RUS"]
[Date "2009.10.21"]
[Round "6.62"]
[White "Gorovykh, Eduard"]
[Black "Ivanov, Rostislav"]
[Result "1-0"]
[WhiteElo "2403"]
[BlackElo "2287"]
[PlyCount "95"]
[EventDate "2009.??.??"]

1. e4 c5 2. Nf3 d6 3. d4 cxd4 4. Nxd4 Nf6 5. Nc3 a6 6. Bg5 e6 7. f4 Be7 8. Qf3
O-O 9. O-O-O Nbd7 10. g4 Qc7 11. Bh4 b5 12. g5 Ne8 13. Bh3 b4 14. Nce2 Bb7 15.
Ng3 g6 16. Qg4 Ng7 17. Rhe1 Rfe8 18. f5 Ne5 19. Qf4 exf5 20. exf5 Bf8 21. f6
Ne6 22. Bxe6 fxe6 23. Ne4 Nf7 24. Qd2 e5 25. Nb3 a5 26. Kb1 a4 27. Nc1 a3 28.
b3 d5 29. Nf2 e4 30. Ng4 Rac8 31. Ne2 Bc5 32. Bg3 Qc6 33. h4 d4 34. Nf4 e3 35.
Qh2 Ba6 36. h5 e2 37. Rc1 d3 38. hxg6 hxg6 39. Rh1 Qxh1 40. Rxh1 dxc2+ 41. Kc1
e1=Q+ 42. Bxe1 Rxe1+ 43. Rxe1 Bd4 44. Qxc2 Rxc2+ 45. Kxc2 Nxg5 46. Re8+ Kf7 47.
Re7+ Kf8 48. Nxg6+ 1-0

[Event "M.Chigorin Memorial"]
[Site "St. Petersburg RUS"]
[Date "2009.10.21"]
[Round "6.64"]
[White "Trushelyov, Victor"]
[Black "Vunder, Andrey"]
[Result "1-0"]
[WhiteElo "2396"]
[BlackElo "2246"]
[PlyCount "81"]
[EventDate "2009.??.??"]

1. Nf3 d5 2. c4 c6 3. e3 Nf6 4. b3 Bg4 5. Bb2 e6 6. Be2 Nbd7 7. O-O Bd6 8. d3
O-O 9. Nbd2 Re8 10. h3 Bh5 11. d4 Ne4 12. Nxe4 dxe4 13. Nd2 Bg6 14. Bh5 Qg5 15.
Bxg6 Qxg6 16. a3 f5 17. b4 Nf6 18. Qe2 Qh6 19. Nb3 g5 20. Rad1 Rad8 21. Rd2 Re7
22. Rfd1 g4 23. d5 gxh3 24. g3 exd5 25. Bxf6 Qxf6 26. cxd5 cxd5 27. Rxd5 Ree8
28. Qb5 Rf8 29. Nd4 a6 30. Qc4 Kh8 31. Nxf5 Be7 32. Qxe4 Rxd5 33. Rxd5 Qa1+ 34.
Kh2 Bf6 35. Kxh3 Qf1+ 36. Qg2 Qc4 37. Qf3 Bb2 38. Kg2 Bxa3 39. Nd6 Rxf3 40.
Nxc4 Rf7 41. Nxa3 1-0

[Event "M.Chigorin Memorial"]
[Site "St. Petersburg RUS"]
[Date "2009.10.21"]
[Round "6.65"]
[White "Khakimov, Timur"]
[Black "Khuseinkhodzhaev, Muhammad"]
[Result "0-1"]
[WhiteElo "2291"]
[BlackElo "2391"]
[PlyCount "62"]
[EventDate "2009.??.??"]

1. e4 e5 2. Nf3 Nc6 3. Bb5 a6 4. Ba4 Nf6 5. Qe2 b5 6. Bb3 Bc5 7. a4 Rb8 8. axb5
axb5 9. O-O O-O 10. d3 d6 11. Be3 Bg4 12. c3 Nd7 13. h3 Bh5 14. Nbd2 b4 15. g4
Bg6 16. Ba4 Bxe3 17. fxe3 Ne7 18. Nh4 Nc5 19. Bc2 bxc3 20. bxc3 Nd5 21. Nxg6
Nxc3 22. Qe1 hxg6 23. Nc4 Nb5 24. Rb1 c6 25. Kg2 Qc7 26. Qa5 Qxa5 27. Nxa5 Na3
28. Rxb8 Rxb8 29. Rf2 Rb2 30. Bd1 Nxd3 31. Rxb2 Nxb2 0-1

[Event "M.Chigorin Memorial"]
[Site "St. Petersburg RUS"]
[Date "2009.10.21"]
[Round "6.66"]
[White "Yaksin, Oleg"]
[Black "Yakimenko, Alexander A"]
[Result "0-1"]
[WhiteElo "2385"]
[BlackElo "2240"]
[PlyCount "76"]
[EventDate "2009.??.??"]

1. d4 Nf6 2. Nf3 e6 3. g3 c5 4. Bg2 Nc6 5. O-O d5 6. c4 Be7 7. cxd5 exd5 8. Nc3
O-O 9. dxc5 d4 10. Na4 Bg4 11. Bf4 Qd7 12. b3 Rad8 13. Qc2 Nd5 14. Ne5 Qe6 15.
Bxd5 Rxd5 16. Nxg4 Qxg4 17. Rad1 Bf6 18. a3 g5 19. f3 Qe6 20. Bd6 Re8 21. b4
Qe3+ 22. Kh1 Qxa3 23. Qc4 d3 24. Qxd5 dxe2 25. Rfe1 exd1=Q 26. Rxd1 Qxa4 27. f4
Nxb4 28. Qf3 Qc6 29. Qxc6 bxc6 30. fxg5 Bxg5 31. Rd4 Nd5 32. Ra4 Ra8 33. Rg4 h6
34. h4 f5 35. Ra4 Bf6 36. Ra6 Nb4 37. Ra4 a5 38. Bc7 Nd3 0-1

[Event "M.Chigorin Memorial"]
[Site "St. Petersburg RUS"]
[Date "2009.10.21"]
[Round "6.67"]
[White "Ivkina, Olga"]
[Black "Vlasenko, Miroslav"]
[Result "1-0"]
[WhiteElo "2272"]
[BlackElo "2384"]
[PlyCount "63"]
[EventDate "2009.??.??"]

1. e4 c6 2. d4 d5 3. e5 Bf5 4. Nc3 e6 5. g4 Bg6 6. Nge2 f6 7. Nf4 fxe5 8. Nxe6
Qe7 9. Nxf8 exd4+ 10. Be2 dxc3 11. Nxg6 hxg6 12. Qd3 Nf6 13. Qxg6+ Kf8 14. bxc3
Nbd7 15. Be3 Kg8 16. h4 Ne4 17. g5 Ne5 18. Qf5 Rf8 19. Qh3 Nxc3 20. Bg4 d4 21.
Be6+ Kh7 22. g6+ Nxg6 23. Qg4 Rf7 24. Rg1 Nf4 25. Bxf7 Qxf7 26. Qxf4 Qh5 27.
Rxg7+ Kxg7 28. Bxd4+ Kh7 29. Qc7+ Kg6 30. Qd6+ Kf5 31. Qe5+ Kg4 32. Qxh8 1-0

[Event "M.Chigorin Memorial"]
[Site "St. Petersburg RUS"]
[Date "2009.10.21"]
[Round "6.68"]
[White "Bodnaruk, Anastasia"]
[Black "Tovmasian, Vardges"]
[Result "0-1"]
[WhiteElo "2384"]
[BlackElo "2228"]
[PlyCount "62"]
[EventDate "2009.??.??"]

1. e4 e6 2. d4 d5 3. Nc3 Bb4 4. e5 c5 5. a3 Bxc3+ 6. bxc3 Ne7 7. Qg4 O-O 8. Bd3
Nbc6 9. Nf3 f5 10. exf6 Rxf6 11. Bg5 e5 12. Qg3 Rxf3 13. gxf3 c4 14. Be2 Qa5
15. O-O Nf5 16. Qg2 Qxc3 17. dxe5 Qxc2 18. Rae1 Be6 19. Bd1 Qc3 20. f4 Ncd4 21.
Bg4 Kh8 22. Kh1 h6 23. Bf6 gxf6 24. exf6 Nh4 25. Qg3 Qxg3 26. fxg3 Bxg4 27.
gxh4 Bf3+ 28. Kg1 Be4 29. Kf2 Rf8 30. Rd1 Nb3 31. f5 c3 0-1

[Event "M.Chigorin Memorial"]
[Site "St. Petersburg RUS"]
[Date "2009.10.21"]
[Round "6.69"]
[White "Demina, Julia"]
[Black "Karalkin, Maksim"]
[Result "1/2-1/2"]
[WhiteElo "2377"]
[BlackElo "2222"]
[PlyCount "54"]
[EventDate "2009.??.??"]

1. d4 d5 2. Nf3 c6 3. c4 Nf6 4. Qc2 dxc4 5. Qxc4 Bf5 6. Nc3 e6 7. g3 Nbd7 8.
Bg2 Be7 9. O-O O-O 10. Bg5 Ne4 11. Bxe7 Qxe7 12. Rfd1 Nxc3 13. Qxc3 Be4 14. Rd2
Rfd8 15. Rad1 h6 16. Ne1 Bxg2 17. Kxg2 Nf6 18. Qf3 Rac8 19. a3 c5 20. dxc5 Rxd2
21. Rxd2 Rxc5 22. Nd3 Rc7 23. Ne5 Nd7 24. Qf4 Nxe5 25. Qxe5 a6 26. h4 Rd7 27.
Rxd7 Qxd7 1/2-1/2

[Event "M.Chigorin Memorial"]
[Site "St. Petersburg RUS"]
[Date "2009.10.21"]
[Round "6.70"]
[White "Solovjova, Valentina"]
[Black "Serov, Maksim"]
[Result "1-0"]
[WhiteElo "2257"]
[BlackElo "2377"]
[PlyCount "79"]
[EventDate "2009.??.??"]

1. e4 e6 2. d4 d5 3. Nd2 Nf6 4. e5 Nfd7 5. Ngf3 c5 6. c3 Nc6 7. Bd3 g6 8. h4 h6
9. a3 a5 10. O-O cxd4 11. cxd4 Qb6 12. Qa4 Be7 13. Rd1 g5 14. h5 g4 15. Nh2 Rg8
16. Nb3 Qc7 17. Be2 f6 18. Bf4 f5 19. Bxh6 Nb6 20. Qb5 a4 21. Nd2 Rh8 22. Bf4
Rxh5 23. f3 gxf3 24. Nhxf3 Bd7 25. Qd3 Na5 26. Rac1 Bc6 27. Qe3 Qd7 28. Kf2 Bb5
29. Rh1 Rxh1 30. Rxh1 Bxe2 31. Qxe2 O-O-O 32. Bg5 Qe8 33. Bxe7 Qxe7 34. Qb5
Nac4 35. Nxc4 Nxc4 36. Qxa4 Nxb2 37. Qa8+ Kc7 38. Qa5+ Kc8 39. Rb1 Nc4 40. Qa8+
1-0

[Event "M.Chigorin Memorial"]
[Site "St. Petersburg RUS"]
[Date "2009.10.21"]
[Round "6.71"]
[White "Ivanov, Sergey A"]
[Black "Marzano, Carlo"]
[Result "1-0"]
[WhiteElo "2375"]
[BlackElo "2209"]
[PlyCount "95"]
[EventDate "2009.??.??"]

1. c4 Nc6 2. g3 d5 3. cxd5 Qxd5 4. Nf3 Ne5 5. Bg2 Bg4 6. Nc3 Qc6 7. O-O Bxf3 8.
exf3 Nd3 9. f4 Qb6 10. Nd5 Qd6 11. Qc2 c6 12. Qxd3 e6 13. Qb3 cxd5 14. Qxb7 Rb8
15. Qxa7 Ne7 16. Qa4+ Nc6 17. b3 Be7 18. Ba3 Qd7 19. f5 e5 20. Rac1 Bxa3 21.
Qxa3 Nb4 22. Qa5 O-O 23. Rc5 Qxf5 24. Bxd5 Nd3 25. Rb5 Rbc8 26. Bc4 Nf4 27.
Rxe5 Nh3+ 28. Kg2 Nf4+ 29. Kf3 Qh3 30. Kxf4 Rxc4+ 31. bxc4 Qxf1 32. Qc5 Qh3 33.
Qe3 Qxh2 34. Kf3 Qh1+ 35. Ke2 Qc1 36. Qc3 Qb1 37. Qb3 Qa1 38. Re3 g6 39. c5 Rd8
40. c6 Qh1 41. Qc4 Qh5+ 42. g4 Qa5 43. c7 Qxd2+ 44. Kf3 Rc8 45. Re7 Kh8 46.
Rxf7 h5 47. Qe6 Qd1+ 48. Kg2 1-0

[Event "M.Chigorin Memorial"]
[Site "St. Petersburg RUS"]
[Date "2009.10.21"]
[Round "6.72"]
[White "Khojayan, Vardan"]
[Black "Pakhomov, Egor"]
[Result "0-1"]
[WhiteElo "2229"]
[BlackElo "2371"]
[PlyCount "112"]
[EventDate "2009.??.??"]

1. Nf3 Nf6 2. c4 e6 3. d4 b6 4. g3 Bb4+ 5. Bd2 a5 6. Bg2 Bb7 7. O-O O-O 8. Nc3
d6 9. Qc2 Nbd7 10. a3 Bxc3 11. Bxc3 a4 12. Rfe1 Be4 13. Qd2 Qc8 14. Qf4 Qa6 15.
g4 Bb7 16. e4 Qxc4 17. Bf1 Qc6 18. d5 exd5 19. Nd4 Qc5 20. Nf5 Ne5 21. Bd4 Qa5
22. Nxg7 Nxe4 23. Nf5 f6 24. Bg2 Kh8 25. f3 Ng5 26. Rxe5 dxe5 27. Bxe5 Ne6 28.
Qg3 Qc5+ 29. Kh1 d4 30. Bf4 Nxf4 31. Qxf4 Qe5 32. Qh6 Rg8 33. h3 d3 34. Rd1
Rad8 35. Rd2 Rg6 36. Qh4 Qf4 37. Qf2 c5 38. Qe1 Qe5 39. Qf2 Rgg8 40. Qh4 c4 41.
Qf2 Rde8 42. Qxb6 Re6 43. Qb4 Qf4 44. Rf2 Qc1+ 45. Kh2 Qf4+ 46. Kg1 Bc6 47. Qc3
Bd5 48. Qa5 Re5 49. Nd6 Qc1+ 50. Kh2 Be6 51. Qb4 Qe1 52. Rd2 Qe3 53. Ne4 Bd5
54. Qc3 h5 55. Ng3 Qf4 56. h4 hxg4 0-1

[Event "M.Chigorin Memorial"]
[Site "St. Petersburg RUS"]
[Date "2009.10.21"]
[Round "6.73"]
[White "Shchukin, Dmitry"]
[Black "Merzliakov, Evgeny"]
[Result "0-1"]
[WhiteElo "2368"]
[BlackElo "2207"]
[PlyCount "86"]
[EventDate "2009.??.??"]

1. Nf3 e6 2. g3 d5 3. Bg2 c5 4. c4 d4 5. O-O Nc6 6. d3 Bd6 7. a3 a5 8. e3 e5 9.
exd4 cxd4 10. Re1 Nge7 11. c5 Bc7 12. Nbd2 O-O 13. Nc4 f6 14. Rb1 a4 15. b4
axb3 16. Qxb3 Kh8 17. Bd2 Rb8 18. Bb4 Be6 19. Nfd2 Nd5 20. Qc2 Qd7 21. Ne4 h6
22. Bd2 f5 23. Ned6 Bxd6 24. cxd6 f4 25. Nxe5 Nxe5 26. Rxe5 f3 27. Rbe1 Bg8 28.
Bf1 Qxd6 29. R5e4 Qxa3 30. Rxd4 b5 31. Bc1 Qd6 32. Bb2 Qg6 33. Qd2 Nf6 34. Rf4
Bd5 35. Re5 Rbd8 36. Qb4 Bc6 37. Ref5 Bd7 38. Rxf6 gxf6 39. Qe7 Bf5 40. Qc5
Bxd3 41. Rd4 Bxf1 42. Rxd8 Rxd8 43. Qe7 Re8 0-1

[Event "M.Chigorin Memorial"]
[Site "St. Petersburg RUS"]
[Date "2009.10.21"]
[Round "6.74"]
[White "Gromova, Iulia"]
[Black "Demianjuk, Alexander"]
[Result "0-1"]
[WhiteElo "2227"]
[BlackElo "2367"]
[PlyCount "68"]
[EventDate "2009.??.??"]

1. d4 Nf6 2. c4 g6 3. Nc3 d5 4. Nf3 Bg7 5. Bg5 Ne4 6. cxd5 Nxg5 7. Nxg5 e6 8.
Nf3 exd5 9. e3 O-O 10. Bd3 c5 11. O-O cxd4 12. Nxd4 Nc6 13. Nce2 Qb6 14. Qb3
Qxb3 15. axb3 Bd7 16. Rac1 Rfc8 17. Rfd1 Nb4 18. Bb1 Rxc1 19. Rxc1 Rc8 20. Kf1
Rxc1+ 21. Nxc1 Kf8 22. Nce2 Ke7 23. Ke1 Kd6 24. Kd2 Kc5 25. h3 b6 26. Kc3 Bb5
27. Nf4 a5 28. Kd2 Bxd4 29. exd4+ Kxd4 30. h4 h6 31. g3 Bf1 32. g4 g5 33. hxg5
hxg5 34. Nh5 Bd3 0-1

[Event "M.Chigorin Memorial"]
[Site "St. Petersburg RUS"]
[Date "2009.10.21"]
[Round "6.75"]
[White "Kurukin, Dmitry"]
[Black "Biriukov, Oleg V"]
[Result "1-0"]
[WhiteElo "2222"]
[BlackElo "2362"]
[PlyCount "57"]
[EventDate "2009.??.??"]

1. e4 c5 2. Nf3 d6 3. d4 cxd4 4. Nxd4 Nf6 5. Nc3 a6 6. h3 e6 7. g4 d5 8. exd5
Nxd5 9. Bd2 Nb4 10. Nb3 Bd7 11. Bg2 Bc6 12. Ne4 Be7 13. a3 Nd5 14. Nd4 Nb6 15.
Ba5 Bd5 16. c4 Bxc4 17. Rc1 Bd5 18. Bxb6 Qxb6 19. Rc8+ Bd8 20. Qa4+ Ke7 21. O-O
Rf8 22. Re1 g6 23. Nc5 Bc7 24. Bxd5 Rxc8 25. Ndxe6 Qa5 26. Qe4 f5 27. gxf5 gxf5
28. Qh4+ Kd6 29. b4 1-0

[Event "M.Chigorin Memorial"]
[Site "St. Petersburg RUS"]
[Date "2009.10.21"]
[Round "6.76"]
[White "Berdychevaskaya, Natasha"]
[Black "Predke, Alexandr"]
[Result "0-1"]
[WhiteElo "2215"]
[BlackElo "2361"]
[PlyCount "60"]
[EventDate "2009.??.??"]

1. e4 Nc6 2. d4 e5 3. dxe5 Nxe5 4. f4 Ng6 5. Bc4 Qf6 6. Qf3 Bb4+ 7. c3 Bc5 8.
Ne2 d6 9. Nd2 Qh4+ 10. Qg3 Nf6 11. Nf3 Qh5 12. Qg5 Qxg5 13. Nxg5 O-O 14. Ng3 h6
15. Nxf7 Rxf7 16. Bxf7+ Kxf7 17. h4 Bd7 18. h5 Nf8 19. Ke2 Re8 20. e5 dxe5 21.
f5 Bb5+ 22. Ke1 e4 23. b4 Bd6 24. Ne2 e3 25. Bb2 N8d7 26. Rd1 Ne5 27. c4 Bxc4
28. Bxe5 Rxe5 29. a3 Bxe2 30. Kxe2 Ne4 0-1

[Event "M.Chigorin Memorial"]
[Site "St. Petersburg RUS"]
[Date "2009.10.21"]
[Round "6.77"]
[White "Naumenko, Oleg"]
[Black "Dzhumagaliev, Yan"]
[Result "1/2-1/2"]
[WhiteElo "2207"]
[BlackElo "2358"]
[PlyCount "75"]
[EventDate "2009.??.??"]

1. e4 c5 2. Nf3 e6 3. d4 cxd4 4. Nxd4 Nc6 5. Nc3 a6 6. g3 d6 7. Bg2 Bd7 8. O-O
Nf6 9. a4 Be7 10. Nxc6 Bxc6 11. a5 O-O 12. Be3 Nd7 13. f4 b5 14. axb6 Nxb6 15.
Qd3 Bb7 16. Na4 Nxa4 17. Rxa4 Qd7 18. b3 Rac8 19. c4 f5 20. Ra2 h6 21. h4 Rcd8
22. Rd1 Qc8 23. exf5 Rxf5 24. g4 Rf7 25. g5 e5 26. Bd5 Bxd5 27. Qxd5 hxg5 28.
fxg5 Qg4+ 29. Rg2 Qf3 30. g6 Qxd5 31. Rxd5 Rf3 32. Bg5 Bxg5 33. Rxg5 Rxb3 34.
c5 e4 35. cxd6 e3 36. Rge5 Kf8 37. Rf5+ Kg8 38. Rfe5 1/2-1/2

[Event "M.Chigorin Memorial"]
[Site "St. Petersburg RUS"]
[Date "2009.10.21"]
[Round "6.78"]
[White "Manukyan, Sargis V"]
[Black "Kashtanov, Ruslan"]
[Result "1/2-1/2"]
[WhiteElo "2199"]
[BlackElo "2343"]
[PlyCount "120"]
[EventDate "2009.??.??"]

1. d4 Nf6 2. c4 c5 3. d5 d6 4. Nc3 g6 5. e4 Bg7 6. Bd3 O-O 7. h3 e6 8. Nge2
exd5 9. exd5 Nbd7 10. O-O Ne5 11. Ng3 Nxd3 12. Qxd3 Nd7 13. f4 f5 14. Bd2 a6
15. a4 b6 16. Rfe1 Nf6 17. Re2 Ra7 18. Rae1 Re8 19. Nf1 Rae7 20. Nh2 Rxe2 21.
Rxe2 Kf7 22. Nf3 h6 23. b3 Rxe2 24. Qxe2 Qe8 25. Qxe8+ Nxe8 26. Kf2 Bf6 27. Nd1
Bd8 28. Bc3 Bd7 29. Ne3 g5 30. g3 Kg6 31. h4 gxf4 32. gxf4 Kh5 33. Kg3 Nf6 34.
Nd2 Kg6 35. Kf3 Kh5 36. Ng2 Kg6 37. Ne3 Kh5 38. Ng2 Nh7 39. Nf1 Bc8 40. Nd2 Bd7
41. Nf1 Kg6 42. Nd2 Nf6 43. Ne3 Bc8 44. Ng2 Ne4 45. h5+ Kxh5 46. Nxe4 fxe4+ 47.
Kxe4 Kg6 48. Ne3 Bd7 49. Be1 h5 50. Bg3 Be7 51. f5+ Kf7 52. Ng2 Kg7 53. Kf4 Be8
54. Nh4 Bf6 55. Nf3 Bd7 56. Ke4 Be7 57. Be1 Kf7 58. Bc3 Bf6 59. Be1 Bd8 60. Bg3
Be7 1/2-1/2

[Event "M.Chigorin Memorial"]
[Site "St. Petersburg RUS"]
[Date "2009.10.21"]
[Round "6.79"]
[White "Ponomarev, Dmitry"]
[Black "Mukashev, Assan"]
[Result "1/2-1/2"]
[WhiteElo "2343"]
[BlackElo "2085"]
[PlyCount "53"]
[EventDate "2009.??.??"]

1. d4 Nf6 2. c4 g6 3. Nc3 d5 4. cxd5 Nxd5 5. e4 Nxc3 6. bxc3 Bg7 7. Bc4 c5 8.
Ne2 O-O 9. O-O Nc6 10. Be3 Qc7 11. Rc1 Rd8 12. Bf4 Be5 13. Bxe5 Nxe5 14. Qb3
Nxc4 15. Qxc4 Be6 16. d5 Bd7 17. f4 e6 18. Ng3 exd5 19. exd5 b5 20. Qe2 Re8 21.
Qd2 f5 22. c4 Qd6 23. Rfd1 Rad8 24. cxb5 Bxb5 25. Qa5 Qb6 26. Qxb6 axb6 27. Rb1
1/2-1/2

[Event "M.Chigorin Memorial"]
[Site "St. Petersburg RUS"]
[Date "2009.10.21"]
[Round "6.80"]
[White "Zanan, Evgeny"]
[Black "Zubritskiy, Artyom"]
[Result "0-1"]
[WhiteElo "2111"]
[BlackElo "2342"]
[PlyCount "88"]
[EventDate "2009.??.??"]

1. d4 d5 2. c4 dxc4 3. Nf3 c5 4. e3 e6 5. Bxc4 Nf6 6. O-O a6 7. a4 Nc6 8. Qe2
Qc7 9. Nc3 Bd6 10. dxc5 Bxc5 11. e4 Ng4 12. h3 Nd4 13. hxg4 Nxe2+ 14. Bxe2 b6
15. Bd2 Bb7 16. Rac1 Qe7 17. e5 O-O 18. Bg5 Qe8 19. Rfd1 h6 20. Bf4 Rd8 21. Bd3
Qe7 22. Be4 Rxd1+ 23. Rxd1 Bxe4 24. Nxe4 Rd8 25. Rc1 Qb7 26. Nd6 Bxd6 27. exd6
f6 28. Bg3 e5 29. Rc7 Qd5 30. Nh4 Qd1+ 31. Kh2 Qxg4 32. f3 Qe6 33. Re7 Qxd6 34.
Rxg7+ Kxg7 35. Nf5+ Kf7 36. Nxd6+ Rxd6 37. Bf2 b5 38. axb5 axb5 39. Bc5 Rd2 40.
b4 Ke6 41. Kg3 f5 42. Kh3 e4 43. fxe4 fxe4 44. Kg3 Kd5 0-1

[Event "M.Chigorin Memorial"]
[Site "St. Petersburg RUS"]
[Date "2009.10.21"]
[Round "6.81"]
[White "Ovod, Evgenija"]
[Black "Kobzar, Alexandr"]
[Result "1-0"]
[WhiteElo "2447"]
[BlackElo "2198"]
[PlyCount "121"]
[EventDate "2009.??.??"]

1. d4 Nf6 2. c4 g6 3. Nc3 Bg7 4. e4 d6 5. Nf3 O-O 6. Be2 e5 7. O-O Nc6 8. d5
Ne7 9. Ne1 Ne8 10. f3 f5 11. g4 f4 12. Nd3 h5 13. gxh5 Bh3 14. Rf2 gxh5 15. Bf1
Bd7 16. Rg2 Kh7 17. c5 Ng6 18. Kh1 Rg8 19. b4 Nf6 20. Qe1 h4 21. Rg1 Nh5 22. h3
Ng3+ 23. Kh2 Nh8 24. a4 Nf7 25. Bg2 Bf6 26. Nf2 Ng5 27. Ba3 Qf8 28. Nb5 Bd8 29.
Rc1 a6 30. Nc3 Be7 31. c6 bxc6 32. Qd1 c5 33. bxc5 dxc5 34. Nb1 Rb8 35. Nd2 Bd6
36. Nd3 Qc8 37. Nf2 Qe8 38. Rc4 Rb4 39. Bxb4 cxb4 40. a5 Bb5 41. Ng4 Kg6 42.
Bf1 Nf7 43. Rc1 Bxf1 44. Nxf1 Qb5 45. Rc6 Re8 46. Nd2 Nd8 47. Rc2 Nb7 48. Qa1
b3 49. Rc6 b2 50. Qb1 Nc5 51. Rg2 Kg7 52. Nf2 Rb8 53. Nd1 Qxa5 54. Qc2 Qb4 55.
Nxb2 Qxb2 56. Rxc5 Qxc2 57. Rxc2 Kf6 58. Rg1 Rb4 59. Ra1 Ne2 60. Rxa6 Nd4 61.
Rxc7 1-0